Polska polityka - prezydenci po 1989 - Statystyki

Ogólne statystyki
  • Ten quiz został rozwiązany 878 razy
    228 od ostatniego zresetowania
  • Średni wynik to 7 z 8
Statystyki odpowiedzi
Okres urzędowania i przynależność polityczna Imię i nazwisko % Poprawnych
XII 2005 - IV 2010 (Prawo i Sprawiedliwość) Lech Kaczyński
97%
VIII 2015 - VIII 2025 (Prawo i Sprawiedliwość) Andrzej Duda
96%
VIII 2025 - (bezpartyjny, popierany przez Prawo i Sprawiedliwość) Karol Nawrocki
96%
XII 1995 - XII 2005 (Sojusz Lewicy Demokratycznej) Aleksander Kwaśniewski
95%
XII 1990 - XII 1995 (bezpartyjny) Lech Wałęsa
94%
VIII 2010 - VIII 2015 (Platforma Obywatelska) Bronisław Komorowski
89%
VII 1989 - XII 1990 (bezpartyjny) Wojciech Jaruzelski
88%
IV 2010 - VIII 2010 (marszałek pełniący obowiązki prezydenta) Bronisław Komorowski
80%
Nie znaleziono quizów pasujących do podanych kryteriów
Rozkład punktacji
Procent ludzi z każdym wynikiem
Percentyl według liczby udzielonych odpowiedzi
Twoja historia wyników
Nie rozwiązałeś tego quizu od ostatniego zresetowania